Регионална библиотека "Любен Каравелов" - Русе

Избрани произведения (Запис номер 133497)

MARC детайли
000 -Лидер
Контролно поле с фиксирана дължина 02260nam a2200457 c 4500
003 - Код на организацията, давaща контролен номер
Контролно поле BLK
005 - Дата и час на последна редакция
Контролно поле 20220420095729.0
008 - Елементи от данни с фиксирана дължина
fixed length control field 180409b bul|||||r ||||||| ||bul||
010 ## - Наследен системен номер
LC control number KNG00139392000
040 ## - Източник на каталожния запис
Идентификатор на билиотеката - собственик на записа BLK
041 ## - Код за език
Код за езика на текст/звукозапис или на отделно заглавие Български
Код за езика КДБФ Български
080 ## - УДК
Текстов определител УДК Обща история на философията
УДК код - определител по УДК 101(091)
УДК определител (081.2)
УДК - код + определител 101(091)(081.2)
080 ## - УДК
Текстов определител УДК Онтологически материализъм
УДК код - определител по УДК 141.12
УДК определител (470)
УДК - код + определител 141.12(470)
100 1# - Редна дума - Автор
Автор Плеханов, Георги Валентинович
Авторска отговорност първи автор
R(LIN) 378316
139 ## - Редно поле
Редна дума Плеханов, Георги Валентинович
Авторски знак Пле - П 59
245 10 - Сведения за заглавието
Заглавие Избрани произведения
Подзаглавни данни Т. 1 -
Редно поле (дума) Георги Валентинович Плеханов; състав. Бернард Яков Мунтян; с предг. от Ангел Христов Веков; прев. на том Димитър В. Петколичев; прев. на том Яню Гочев Стоевски.
Том Т. 3
257 ## - Страна на издаване
Страна на създаване/издаване Русия
260 ## - Област на издателските данни
Място на издаване, разпространение и проч. София
Име на издателя, разпространителя и проч. Партиздат
Година на издаване 1982 -
300 ## - Физическа характеристика
Размери/Мащаб 21 см
380 ## - Жанр
Жанр Философия
500 ## - Общи забележки
Забележка 2 115 тир. - Именен показалец.
650 #4 - Допълнително описание по предмет – тема
Основно описание – тема или топоним Философия - история
9 (RLIN) 243382
650 #4 - Допълнително описание по предмет – тема
Основно описание – тема или топоним Диалектически материализъм
9 (RLIN) 274150
650 #4 - Допълнително описание по предмет – тема
Основно описание – тема или топоним Исторически материализъм
9 (RLIN) 286946
650 #4 - Допълнително описание по предмет – тема
Основно описание – тема или топоним Философия, руска - история
9 (RLIN) 248219
651 #4 - Допълнително описание по предмет - топоним
Географско понятие Русия
9 (RLIN) 179465
653 ## - Ключова дума – ненормативна
Ключова дума философия
653 ## - Ключова дума – ненормативна
Ключова дума исторически материализъм
653 ## - Ключова дума – ненормативна
Ключова дума диалектически материализъм
653 ## - Ключова дума – ненормативна
Ключова дума марксизъм
700 1# - Други автори (авторска отговорност)
Лично име Мунтян, Бернард Яков
Автороска отговорност (Описва отношението между автора и произведението) състав.
9 (RLIN) 99526
700 1# - Други автори (авторска отговорност)
Лично име Веков, Ангел Христов
Автороска отговорност (Описва отношението между автора и произведението) с предг. от
9 (RLIN) 372072
700 1# - Други автори (авторска отговорност)
Лично име Петколичев, Димитър В.
Автороска отговорност (Описва отношението между автора и произведението) прев. на том
9 (RLIN) 323909
700 1# - Други автори (авторска отговорност)
Лично име Стоевски, Яню Гочев
Автороска отговорност (Описва отношението между автора и произведението) прев. на том
9 (RLIN) 378537
760 1# - Описание на основната серия
Редна дума на основното описание Плеханов, Георги Валентинович
Място на издаване, издател и година 1982
Страници - том 474 с.
Заглавие Т. 3
852 ## - Местоположение
Форматна сигнатура Цб 117001
856 4# - Електронен адрес и достъп
Електронен формат pdf - файл
856 4# - Електронен адрес и достъп
Електронен формат pdf - файл
999 ## - СИСТЕМНИ КОНТРОЛНИ НОМЕРА
Koha biblionumber 133497
Koha biblioitemnumber 133497
942 ## - АРТИКУЛИ
Вид на библиотечния материал Книги
Скрит в OPAC Не
Периодичен библиозапис Да
944 ## - СЪЗДАВАНЕ И РЕДАКЦИЯ на ЗАПИСА
Създаване/Редакция Създаване
Дата на регистрацията/редакция 12.02.2013
Статус, дата на статуса 12.02.2013 - от С1,Р / 12.02.2013
Служител, извършил регистрацията/редакцията Камелия_Данева
944 ## - СЪЗДАВАНЕ И РЕДАКЦИЯ на ЗАПИСА
Създаване/Редакция Редакция
Дата на регистрацията/редакция 12.02.2013
Статус, дата на статуса 12.02.2013 - от С1,Р / 12.02.2013
999 ## - СИСТЕМНИ КОНТРОЛНИ НОМЕРА
Koha biblioitemnumber 133497
Наличности
Код за отписване Код за изгубен артикул Източник на класификационната схема Код за повреда Коз за рестрикции Код за отдаване Артикулен № Име на библиотеката - собственик Име на библиотеката, в която се намира в момента Статус (Текущо местоположение) Дата на вписване в системата Местоположение - отдел Цена в лева Инвентарен номер Систематично азбучна сигнатура Баркод Номер на екземпляра Цена в евро Служебна бележка Служебен тип на артикула
  Не е изгубен Universal Decimal Classification Не е повреден без рестрикции ползва се в читалня 217823 Регионална библиотека "Любен Каравелов" Русе Регионална библиотека "Любен Каравелов" Русе Хранилище 1982-01-01 Хранилище 3.00 365782 Цб 117001 120000365782 1 1.53 N: стар фонд Дата: 01.01.1982 Книги
Vip Innovations Ltd, Rousse, Bulgaria 2025